Towards universal humanism /

Bibliographic Details
Main Author: Nath, Prem
Format: Book
Language:English
Published: Jullundur City : S. Nagin, [1964]
Subjects:

MARC

Tag First Indicator Second Indicator Subfields
LEADER 00000cam a2200000 i 4500
001 in00000052980
005 20151007080353.0
008 751002s1964 xx 00010 eng d
010 |a sa 64008008  
035 |a (OCoLC)01671603 
035 |9 AAF4698AM 
040 |a XFM  |c XFM  |d TXA  |d UtOrBLW 
049 |a TXAM  |c [459397] 
090 |a B821  |b .N3 
092 |a 144  |b N274t 
100 1 |a Nath, Prem. 
245 1 0 |a Towards universal humanism /  |c Prem Nath. 
264 1 |a Jullundur City :  |b S. Nagin,  |c [1964] 
300 |a 32 pages ;  |c 22 cm. 
336 |a text  |b txt  |2 rdacontent 
337 |a unmediated  |b n  |2 rdamedia 
338 |a volume  |b nc  |2 rdacarrier 
504 |a Bibliographical footnotes. 
650 0 |a Humanism. 
999 |a MARS 
999 f f |s 1e9830f6-3b61-3a0a-bb7a-27e336015502  |i 0f851c11-08e4-36f0-9467-28a9de2eed50  |t 0 
952 f f |p ric  |a Texas A&M University  |b Rellis Campus  |c Joint Library Facility  |d Remote Storage  |t 0  |e B821 .N3  |h Library of Congress classification  |i unmediated -- volume  |m A14800518686 
998 f f |a B821 .N3  |t 0  |l Remote Storage